000 00523nam a2200181Ia 4500
005 20250228150054.0
008 240825s9999 xx 000 0 und d
020 _a9789392141966
_qpbk
041 _aeng
082 _a346.066
_bMIT
100 _aMittal, DP
245 0 _aLaw Relating to Prevention of Oppression & Mismanagement of Companies
_c/ D P Mittal;
250 _a1st ed.
260 _bCommercial Law Pub,
_c2023.
_aNew delhi:
300 _a656 pages. :
_c22cm.
650 _aLaw &Criminology
942 _cENGLISH
999 _c556039
_d556039